LDR 00909naa#a2200157#i#450# 001 RU\\bibl\19251 005 20260418174042.6 100 ## _a20260417b2026####ek#y0rusy0150####ca 102 ## _aRU 200 1# _aСОВЕРШЕНСТВОВАНИЕ ОРГАНИЗАЦИОННОЙ СТРУКТУРЫ УПРАВЛЕНИЯ МУНИЦИПАЛЬНЫМ КАЗЕННЫМ ПАССАЖИРСКИМ АВТОТРАНСПОРТНЫМ ПРЕДПРИЯТИЕМ _eСтатья/тезисы конференции 210 1# _aВоронеж _cВоронежский государственный лесотехнический университет имени Г.Ф. Морозова _d2026 215 ## _a6 с. 608 ## _aСтатья/тезисы конференции _2local 675 ## _aПрочий управленческий аппарат. 656.071.39 _z 700 #1 _aШтепа _gАлексей Анатольевич 856 4# _abibl.vgltu.ru _u